000
00305nam a22001337a 4500
008
170623b xxu||||| |||| 00| 0 eng d
020
_a
0911937013
041
_a
eng
080
_a
34
100
_a
15
101
_a
SHJ
245
_a
ACID RAIN IN EUROPE AND NORTH AMERICA
_c
WETSTONE,G.S
942
_2
udc
_c
BK
999
_c
19016
_d
19016